| 000 | 01316nam a2200253Ia 4500 | ||
|---|---|---|---|
| 999 |
_c43268 _d43268 |
||
| 001 | 9995 | ||
| 003 | GE_BSU | ||
| 005 | 20200227151902.0 | ||
| 008 | 181216s ge xx |||||||||||||| ||geo|| | ||
| 040 | _cGE_BSU | ||
| 041 | _ageo | ||
| 080 | _a821.353.1–13 რ–93 | ||
| 100 |
_aრუსთაველი, შოთა. _93634 |
||
| 245 |
_aვეფხისტყაოსანი : _bპოემა / _cრუსთაველი შოთა ; რედ. კ. ჭიჭინაძე ; გამოკვლევით და შენ იშვნებით.სურათ.და ილუსტრ.ლადო გუდიაშვილი. |
||
| 264 |
_aთბილისი : _bფედერაცია, |
||
| 300 |
_a354 გვ.: _bილ.; _c22 სმ. |
||
| 520 | _aგაშლილ თავფურცელზე სათაური რუსულ–ფრანგულ ენებზე. | ||
| 653 | _aვეფხისტყაოსანი | ||
| 653 | _aპოემა | ||
| 653 | _aქართული ლიტერატურა | ||
| 700 |
_aჭიჭინაძე, კ _eრედაქტორი _97561 |
||
| 700 |
_aგუდიაშვილი, ლადო _eსურათ.და ილუსტრაცია _97562 |
||
| 942 |
_cBK _2udc |
||